| Tag |
First Indicator |
Second Indicator |
Subfields |
| LEADER |
00000cam a22000008a 4500 |
| 001 |
in00000928811 |
| 005 |
20150925125651.0 |
| 008 |
900322s1989 dcu 00000 eng |
| 010 |
|
|
|a 90035152
|
| 020 |
|
|
|a 0309049660
|
| 035 |
|
|
|a (OCoLC)21375029
|
| 035 |
|
|
|9 AES2577AM
|
| 040 |
|
|
|a DLC
|c DLC
|d TXA
|d UtOrBLW
|
| 049 |
|
|
|a TXAM
|
| 050 |
0 |
0 |
|a TE7
|b .H5 no. 1239
|a TE175
|
| 082 |
0 |
0 |
|a 388 s
|a 625.7/25
|2 20
|
| 245 |
0 |
0 |
|a Geometric design and operational effects.
|
| 263 |
|
|
|a 9005
|
| 264 |
|
1 |
|a Washington, D.C. :
|b Transportation Research Board, National Research Council,
|c 1989.
|
| 300 |
|
|
|a 61 pages :
|b illustrations
|
| 336 |
|
|
|a text
|b txt
|2 rdacontent
|
| 337 |
|
|
|a unmediated
|b n
|2 rdamedia
|
| 338 |
|
|
|a volume
|b nc
|2 rdacarrier
|
| 490 |
1 |
|
|a Transportation research record ;
|v no. 1239
|
| 650 |
|
0 |
|a Roads
|x Design and construction.
|
| 650 |
|
0 |
|a Roads
|x Interchanges and intersections.
|
| 650 |
|
0 |
|a Traffic engineering.
|
| 710 |
2 |
|
|a National Research Council (U.S.).
|b Transportation Research Board.
|
| 830 |
|
0 |
|a Transportation research record ;
|v no. 1239.
|
| 999 |
|
|
|a MARS
|
| 999 |
f |
f |
|s 7ec88ba9-ead8-30be-b1f3-2bbc5a768d7c
|i a080d2c9-f8f1-3ea3-97da-54be5968210d
|t 0
|
| 952 |
f |
f |
|p default
|a Texas A&M University
|b College Station
|c Sterling C. Evans Library
|d Evans: Microforms (3rd floor)
|t 0
|e fiche S 745 no.1239
|h Other scheme
|i unmediated -- volume
|
| 952 |
f |
f |
|p normal
|a Texas A&M University
|b College Station
|c Sterling C. Evans Library
|d Evans: Library Stacks
|t 0
|e TE7 .H5 no.1239
|h Library of Congress classification
|i unmediated -- volume
|m A14813951801
|
| 998 |
f |
f |
|a fiche S 745 no.1239
|t 0
|l Evans: Microforms (3rd floor)
|
| 998 |
f |
f |
|a TE7 .H5 no.1239
|t 0
|l Evans: Library Stacks
|